[Event "51smm B Steinegg-Groeden2"]
[Site "?"]
[Date "2020.02.21"]
[Round "8.1"]
[White "Casadio, Lorenzo"]
[Black "Engl, Stefan"]
[Result "0-1"]
[WhiteElo "1771"]
[BlackElo "1984"]
[PlyCount "138"]
[EventDate "2020.02.21"]

1. e4 e6 2. e5 d6 3. exd6 cxd6 4. d4 Nf6 5. Nf3 Be7 6. Bd3 O-O 7. O-O b6 8. Re1
Ba6 9. Bf4 Bxd3 10. Qxd3 Nc6 11. c3 Qd7 12. h3 Rfc8 13. Nbd2 a6 14. a4 Na5 15.
Ra2 Qc6 16. Ng5 h6 17. Nge4 Nxe4 18. Qxe4 Qxe4 19. Nxe4 d5 20. Ng3 Bf8 21. Ne2
Nb3 22. Nc1 Nxc1 23. Rxc1 Rc6 24. Rca1 Rac8 25. Bd2 Bd6 26. Re1 Rc4 27. Raa1 b5
28. axb5 axb5 29. b4 R8c6 30. Ra8+ Kh7 31. Ra5 Rb6 32. Ra3 Kg6 33. g3 Kf6 34.
f4 Rcc6 35. Kg2 Ra6 36. Rea1 Rxa3 37. Rxa3 Kf5 38. Kf3 Kg6 39. Ra5 Rb6 40. Ra7
f6 41. Ra5 Bb8 42. Be3 Kf7 43. f5 exf5 44. Bd2 g5 45. Be3 Kg6 46. Bd2 Kh5 47.
Ra8 g4+ 48. Kg2 Kg6 49. h4 f4 50. Bxf4 Bxf4 51. gxf4 Kf5 52. Rd8 Kxf4 53. Rxd5
Ke4 54. Rc5 f5 55. d5 f4 56. Rc6 Rb8 57. Rg6 f3+ 58. Kf2 h5 59. d6 Rd8 60. Rh6
Rg8 61. Rf6 g3+ 62. Kg1 f2+ 63. Kg2 Ke5 64. Rf3 Kxd6 65. Rf4 Ke5 66. Rd4 Rf8
67. Rd1 Ke4 68. Kf1 Ke3 69. Ra1 Kf3 0-1

[Event "51smm B Steinegg-Groeden2"]
[Site "?"]
[Date "2020.02.21"]
[Round "8.2"]
[White "Pichler, Martin"]
[Black "Knottner, Klaus"]
[Result "1/2-1/2"]
[WhiteElo "1835"]
[BlackElo "1627"]
[PlyCount "163"]
[EventDate "2020.02.21"]

1. e4 e5 2. Nf3 Nc6 3. Bc4 Bc5 4. b4 Bxb4 5. c3 Be7 6. d4 d6 7. Qb3 Na5 8.
Bxf7+ Kf8 9. Qa4 c6 10. Bxg8 Kxg8 11. dxe5 b5 12. Qc2 Nc4 13. exd6 Qxd6 14. O-O
Qg6 15. Nd4 Bd7 16. a4 a5 17. axb5 cxb5 18. Qd3 Rd8 19. Na3 Ne5 20. Qe2 Bxa3
21. Rxa3 Nc4 22. Rb3 Qe8 23. Bg5 Rc8 24. Rfb1 h6 25. Bf4 a4 26. Rb4 Na3 27.
Qa2+ Qf7 28. Qxa3 Qxf4 29. Nxb5 Bxb5 30. Rxb5 Qxe4 31. R5b4 Qd3 32. Rc1 Ra8 33.
Rxa4 Rxa4 34. Qxa4 Kh7 35. Qc2 Qxc2 36. Rxc2 Rc8 37. Kf1 Kg6 38. Ke2 Kf5 39. c4
Ke4 40. g3 Rc5 41. f3+ Kd4 42. Rd2+ Kxc4 43. Rc2+ Kd5 44. Rxc5+ Kxc5 45. Ke3
Kd5 46. h4 Ke5 47. h5 Kf5 48. g4+ Kg5 49. Ke4 Kf6 50. f4 Ke6 51. g5 hxg5 52.
fxg5 Ke7 53. Ke5 Kf7 54. Kd6 Ke8 55. Ke6 Kf8 56. Kd7 Kf7 57. Kd8 Kf8 58. Kd7
Kf7 59. Kd6 Ke8 60. Kd5 Ke7 61. Ke4 Ke6 62. Kf4 Ke7 63. Ke5 Kf8 64. Ke6 Ke8 65.
g6 Kf8 66. Kf5 Kg8 67. Ke5 Kf8 68. Ke6 Kg8 69. Ke5 Kf8 70. Kf4 Kg8 71. Kg5 Kh8
72. Kf5 Kg8 73. Ke6 Kf8 74. Kd7 Kg8 75. Ke7 Kh8 76. h6 Kg8 77. Ke6 gxh6 78. Kf6
h5 79. Kg5 Kg7 80. Kxh5 Kg8 81. Kg5 Kg7 82. Kf5 1/2-1/2

[Event "51smm B Steinegg-Groeden2"]
[Site "?"]
[Date "2020.02.21"]
[Round "8.3"]
[White "Kasslatter, Matthias"]
[Black "Engl, Alexander"]
[Result "1-0"]
[WhiteElo "1493"]
[BlackElo "1803"]
[PlyCount "103"]
[EventDate "2020.02.21"]

1. e4 e6 2. d4 d5 3. exd5 exd5 4. Nf3 Bd6 5. Nc3 Ne7 6. h3 Bf5 7. Bd3 Qd7 8.
O-O Nbc6 9. Re1 O-O-O 10. Nb5 f6 11. Nxd6+ Qxd6 12. Bxf5+ Nxf5 13. Qd3 Nfe7 14.
Bd2 g5 15. Re2 Qd7 16. Nh2 h5 17. Rae1 Nf5 18. c3 Nd6 19. f3 Rdg8 20. Re6 Ne4
21. Rxc6 Qxc6 22. fxe4 dxe4 23. Qxe4 Qxe4 24. Rxe4 Re8 25. Rxe8+ Rxe8 26. Kf2
Kd7 27. Kf3 Re6 28. Nf1 Ra6 29. a3 Rb6 30. Bc1 Ke6 31. Ne3 f5 32. d5+ Kf6 33.
g3 Rb5 34. b4 a5 35. a4 Rb6 36. Nc4 Ra6 37. b5 Ra8 38. Be3 g4+ 39. hxg4 fxg4+
40. Kf4 Rf8 41. Ke4 Re8+ 42. Kd4 Kf5 43. Bf4 h4 44. Ne3+ Kg6 45. gxh4 Kh5 46.
Bxc7 Re7 47. d6 Rf7 48. Kd5 g3 49. Ke6 Kg6 50. d7 Rf6+ 51. Ke7 Rf7+ 52. Ke8 1-0

[Event "51smm B Steinegg-Groeden2"]
[Site "?"]
[Date "2020.02.21"]
[Round "8.4"]
[White "Lantschner, Carmen"]
[Black "Moroder, Richard"]
[Result "1-0"]
[WhiteElo "1669"]
[BlackElo "1467"]
[PlyCount "81"]
[EventDate "2020.02.21"]

1. e4 e5 2. Nf3 Nc6 3. d4 exd4 4. Nxd4 d6 5. Nc3 Nf6 6. Nxc6 bxc6 7. Be2 Be7 8.
O-O O-O 9. Be3 Bb7 10. Bd3 Re8 11. Ne2 Ng4 12. Bf4 Ne5 13. Bxe5 dxe5 14. Ng3
Bc8 15. Qh5 Bf6 16. Rad1 Qe7 17. Qf3 g6 18. Rfe1 h5 19. h3 Be6 20. b3 Red8 21.
Nf1 Rd7 22. Ne3 Rad8 23. a4 Kg7 24. Nc4 Bxc4 25. Bxc4 Rxd1 26. Rxd1 Rxd1+ 27.
Qxd1 Kf8 28. Qd2 Qd6 29. Qh6+ Bg7 30. Qe3 Qd4 31. Qf3 Qd7 32. Qc3 Qd4 33. Qb4+
Qd6 34. Qb8+ Ke7 35. Qxa7 Kf6 36. a5 Bh6 37. Bd3 Qb4 38. Qxc7 Qe1+ 39. Bf1 Qxe4
40. a6 Qxc2 41. a7 1-0

[Event "51smm B Steinegg-Groeden2"]
[Site "?"]
[Date "2020.02.21"]
[Round "8.5"]
[White "Perathoner, Manuel"]
[Black "Schroffenegger, Simon"]
[Result "0-1"]
[WhiteElo "1235"]
[BlackElo "1527"]
[PlyCount "68"]
[EventDate "2020.02.21"]

1. e4 e5 2. Nf3 Nf6 3. Nc3 Nc6 4. Bb5 d6 5. d3 Bd7 6. O-O Be7 7. Be3 a6 8. Ba4
b5 9. Bb3 Be6 10. Ne2 Na5 11. Bxe6 fxe6 12. Ng3 c5 13. c3 Ng4 14. Bc1 Nc6 15.
h3 Nf6 16. Bg5 O-O 17. d4 exd4 18. cxd4 c4 19. e5 Nd7 20. Bxe7 Qxe7 21. d5
Ncxe5 22. Nxe5 Nxe5 23. Re1 Qa7 24. Ne4 Nd3 25. Qe2 exd5 26. Nxd6 Rxf2 27. Qe6+
Kh8 28. Kh1 Nxe1 29. Rxe1 Rf6 30. Qe5 Raf8 31. Qe8 Qf2 32. Qe5 Qxe1+ 33. Qxe1
Rf1+ 34. Qxf1 Rxf1+ 0-1

[Event "51smm A Arci-Richter/Lask"]
[Site "?"]
[Date "2020.03.07"]
[Round "9.1"]
[White "Voltolini, Giuseppe"]
[Black "De Nisi, Roberta"]
[Result "1/2-1/2"]
[WhiteElo "2123"]
[BlackElo "1781"]
[PlyCount "111"]
[EventDate "2020.03.07"]

1. d4 f5 2. Nf3 Nf6 3. g3 g6 4. Bg2 Bg7 5. O-O O-O 6. c4 d6 7. b3 Ne4 8. Bb2 c5
9. e3 Nc6 10. Nbd2 e6 11. a3 cxd4 12. Nxe4 fxe4 13. Nxd4 d5 14. Nxc6 bxc6 15.
Bxg7 Kxg7 16. Qd4+ Qf6 17. Qxf6+ Rxf6 18. Rfd1 Ba6 19. Rac1 Rb8 20. cxd5 exd5
21. b4 Rbf8 22. Rd2 Bb5 23. Bf1 a6 24. Rc5 Rd8 25. Bxb5 axb5 26. Rdc2 Rdd6 27.
h4 h5 28. a4 bxa4 29. Ra5 Kf7 30. Rxa4 Ke6 31. Ra6 Ke5 32. Kf1 Kf5 33. Kg2 Kg4
34. Rb6 g5 35. hxg5 Kxg5 36. Kh3 Rh6 37. Rc5 Rhf6 38. b5 cxb5 39. Rxd6 Rxd6 40.
Rxb5 Rd7 41. Rb8 d4 42. Rb5+ Kg6 43. exd4 Rxd4 44. Re5 Ra4 45. Kh4 e3+ 46. f4
Ra2 47. Re6+ Kf5 48. Re5+ Kg6 49. Rg5+ Kf6 50. Kxh5 e2 51. Re5 Ra5 52. Rxa5
e1=Q 53. Rg5 Qh1+ 54. Kg4 Qd1+ 55. Kh3 Qf3 56. Kh2 1/2-1/2

[Event "51smm A Arci-Richter/Lask"]
[Site "?"]
[Date "2020.03.07"]
[Round "9.3"]
[White "Buglisi, Massimo"]
[Black "Rinaldo, Gaetano"]
[Result "1-0"]
[WhiteElo "1930"]
[BlackElo "1714"]
[PlyCount "43"]
[EventDate "2020.03.07"]

1. e4 e6 2. d3 b6 3. Nf3 Bb7 4. g3 d5 5. Nbd2 dxe4 6. dxe4 Nf6 7. Bb5+ c6 8.
Bd3 Be7 9. O-O O-O 10. Qe2 c5 11. e5 Nfd7 12. Ne4 Qc7 13. Bf4 Nc6 14. Nd6 Nb4
15. Nxb7 Nxd3 16. Qxd3 Qxb7 17. c4 Rfd8 18. Qe2 Nf8 19. Rad1 Rxd1 20. Rxd1 Rd8
21. Bg5 h6 22. Rxd8 1-0

[Event "51smm A Arci-Richter/Lask"]
[Site "?"]
[Date "2020.03.07"]
[Round "9.5"]
[White "Gruber, Martin"]
[Black "Borgese, Alessio"]
[Result "1/2-1/2"]
[WhiteElo "1603"]
[BlackElo "1537"]
[PlyCount "79"]
[EventDate "2020.03.07"]

1. e4 c5 2. Nf3 g6 3. c3 Bg7 4. d4 cxd4 5. cxd4 d5 6. e5 Bg4 7. Bb5+ Nc6 8. Qa4
Qb6 9. Bxc6+ Qxc6 10. Qxc6+ bxc6 11. Nbd2 Nh6 12. h3 Bxf3 13. Nxf3 O-O 14. O-O
Rfc8 15. Be3 Nf5 16. Rac1 Rab8 17. Rc2 e6 18. Rfc1 Nxe3 19. fxe3 Bf8 20. b3 Ba3
21. Rf1 h6 22. Nd2 Rb6 23. Nb1 Be7 24. Rfc1 Kg7 25. Kf2 a5 26. Ke2 a4 27. bxa4
Rcb8 28. Nd2 Ba3 29. Rd1 Rb2 30. Rxb2 Rxb2 31. Kf3 Rxa2 32. Nb3 Bb4 33. Rc1
Rxa4 34. Rxc6 Ra3 35. Nc5 Bd2 36. Rc7 Kg8 37. Rc8+ Kg7 38. Rc7 Kg8 39. Rc8+ Kg7
40. Rc7 1/2-1/2

[Event "51smm A Ehrenburg-Naturns"]
[Site "?"]
[Date "2020.03.07"]
[Round "9.2"]
[White "Steger, Gerhard"]
[Black "Gurschler, Gregor"]
[Result "1-0"]
[WhiteElo "1909"]
[BlackElo "1768"]
[PlyCount "45"]
[EventDate "2020.03.07"]

1. Nc3 d6 2. e4 Nf6 3. f4 g6 4. Nf3 Bg7 5. d4 O-O 6. e5 dxe5 7. fxe5 Nd5 8. Bc4
e6 9. Ne4 Nb6 10. Bg5 Qe8 11. Nf6+ Bxf6 12. Bxf6 h6 13. Qd2 Kh7 14. Ng5+ Kg8
15. Nxe6 fxe6 16. Qxh6 Rxf6 17. exf6 Qf7 18. Bd3 Qxf6 19. Bxg6 Qg7 20. Qh5 Nd5
21. O-O Nf6 22. Rxf6 Qxf6 23. Qh7+ 1-0

[Event "51smm A Ehrenburg-Naturns"]
[Site "?"]
[Date "2020.03.07"]
[Round "9.3"]
[White "Gurschler, Thomas"]
[Black "Gruber, Alexander"]
[Result "1-0"]
[WhiteElo "1869"]
[BlackElo "1828"]
[PlyCount "113"]
[EventDate "2020.03.07"]

1. d4 d5 2. Bf4 e6 3. e3 Bd6 4. Bg3 Nf6 5. Bd3 O-O 6. Nd2 Re8 7. Ngf3 b6 8. O-O
Bb7 9. Ne5 c5 10. c3 Qc7 11. Qf3 Nbd7 12. Nxd7 Qxd7 13. Rfd1 e5 14. Bxe5 Bxe5
15. dxe5 Rxe5 16. Qg3 Re7 17. Nf3 Rd8 18. h3 Qd6 19. Qxd6 Rxd6 20. Rd2 Kf8 21.
Rad1 g6 22. Bc2 h6 23. a4 Rd8 24. a5 Rc8 25. axb6 axb6 26. Ra1 Bc6 27. Rdd1 Bb5
28. Bd3 Bxd3 29. Rxd3 Rb7 30. Ra6 Ke7 31. Rd1 Ke6 32. Kf1 Nd7 33. Ke2 Ne5 34.
Nd2 Nc6 35. Nb3 Nb8 36. Ra8 Rd8 37. Rda1 Rdd7 38. R1a4 Kd6 39. Nd2 Re7 40. Nf3
Nc6 41. Kd3 Ra7 42. R8xa7 Rxa7 43. Rxa7 Nxa7 44. b4 Nc6 45. bxc5+ bxc5 46. c4
Ne5+ 47. Nxe5 Kxe5 48. f4+ Kd6 49. cxd5 Kxd5 50. e4+ Kd6 51. Kc4 g5 52. g3 gxf4
53. gxf4 Kc6 54. e5 h5 55. h4 Kd7 56. f5 Kc6 57. f6 1-0

[Event "51smm A Ehrenburg-Naturns"]
[Site "?"]
[Date "2020.03.07"]
[Round "9.4"]
[White "Mairhofer, Lino"]
[Black "Naegele, Raimund"]
[Result "0-1"]
[WhiteElo "1723"]
[BlackElo "1612"]
[PlyCount "77"]
[EventDate "2020.03.07"]

1. e4 c6 2. e5 d5 3. exd6 exd6 4. d4 Bf5 5. Nf3 Nf6 6. Be2 Be7 7. c4 Nbd7 8.
Nc3 O-O 9. O-O d5 10. b3 Re8 11. Bd3 Ne4 12. Bxe4 dxe4 13. Ne1 Bb4 14. Ne2 Qh4
15. Bf4 Bg4 16. Bg3 Qh5 17. f3 exf3 18. Nxf3 Nf6 19. a3 Ba5 20. b4 Bb6 21. c5
Bd8 22. Nf4 Qh6 23. Qd3 Bc7 24. h3 Bxf4 25. Bxf4 Qxf4 26. Ne5 Qg5 27. hxg4 Rad8
28. Qc4 Qe3+ 29. Kh1 Re6 30. Rad1 Rd5 31. Rf3 Qg5 32. Rdf1 Nxg4 33. Nxf7 Qh4+
34. Rh3 Nf2+ 35. Rxf2 Qxf2 36. Ng5 Qe1+ 37. Kh2 Rxg5 38. d5 Rxd5 39. Qc2 0-1

[Event "51smm A Ehrenburg-Naturns"]
[Site "?"]
[Date "2020.03.07"]
[Round "9.5"]
[White "Gurschler, Markus"]
[Black "Winding, Felix"]
[Result "0-1"]
[WhiteElo "1591"]
[BlackElo "1098"]
[PlyCount "70"]
[EventDate "2020.03.07"]

1. d4 Nf6 2. Bf4 d5 3. e3 Bf5 4. Bd3 Bxd3 5. Qxd3 c6 6. Nf3 e6 7. O-O Bd6 8.
Qb3 Bxf4 9. exf4 Qc7 10. g3 O-O 11. Nbd2 Nbd7 12. Rfe1 Rac8 13. Ne5 c5 14. c3
cxd4 15. cxd4 Qc2 16. Nef3 Qxb3 17. Nxb3 Rc2 18. Rab1 Ne4 19. Ne5 Nxe5 20. dxe5
Nxf2 21. Nd4 Nh3+ 22. Kh1 Rc4 23. Nb5 Nf2+ 24. Kg1 Ne4 25. Rbc1 Rfc8 26. Rxc4
Rxc4 27. b3 Rc2 28. Nxa7 Nc3 29. Nc8 d4 30. Nd6 d3 31. Nc4 d2 32. Nxd2 Rxd2 33.
Kf1 Rxh2 34. Kg1 Rc2 35. Kf1 h5 0-1

[Event "51smm A Groeden-Deutschnofen"]
[Site "?"]
[Date "2020.03.07"]
[Round "9.1"]
[White "Dappiano, Andrea"]
[Black "Moroder, Stephan"]
[Result "0-1"]
[WhiteElo "2272"]
[BlackElo "2143"]
[PlyCount "61"]
[EventDate "2020.03.07"]

1. e4 c5 2. Nf3 d6 3. Bb5+ Nc6 4. O-O Bd7 5. Re1 a6 6. Bf1 Bg4 7. h3 Bh5 8. c3
Nf6 9. d3 e5 10. a3 Be7 11. b4 b6 12. Nbd2 O-O 13. Bb2 d5 14. exd5 Nxd5 15. Qb3
Nf4 16. Nxe5 Nxe5 17. Rxe5 Bd6 18. Re3 Bc7 19. Ne4 Nd5 20. Ree1 f5 21. Ng3 Bg6
22. d4 cxd4 23. Bc4 Bf7 24. Nxf5 Kh8 25. cxd4 b5 26. Bxd5 Bxd5 27. Qc2 Rc8 28.
Qd3 Qg5 29. Ng3 Rxf2 30. Kxf2 Bxg3+ 31. Ke2 0-1

[Event "51smm A Groeden-Deutschnofen"]
[Site "?"]
[Date "2020.03.07"]
[Round "9.2"]
[White "Demetz, Rainer"]
[Black "Zamengo, Fulvio"]
[Result "0-1"]
[WhiteElo "2170"]
[BlackElo "2303"]
[PlyCount "180"]
[EventDate "2020.03.07"]

1. Nf3 d5 2. d4 Nf6 3. c4 c6 4. Nc3 e6 5. cxd5 exd5 6. Bg5 Be7 7. Qc2 g6 8. e3
Bf5 9. Bd3 Bxd3 10. Qxd3 O-O 11. O-O Nbd7 12. Rfe1 Ne4 13. Bxe7 Qxe7 14. Nd2 f5
15. f3 Nxd2 16. Qxd2 Nf6 17. Ne2 Rae8 18. Nf4 Nd7 19. Rac1 Rf6 20. Re2 Qd6 21.
Nd3 g5 22. b4 Rh6 23. g3 Re7 24. Rce1 Nf6 25. Ne5 g4 26. fxg4 fxg4 27. Rf1 Ne4
28. Qe1 Qe6 29. Rf4 Rg7 30. Qf1 Rf6 31. Rxf6 Qxf6 32. Qxf6 Nxf6 33. Rf2 Ne4 34.
Rb2 a6 35. a4 Nc3 36. a5 Ne4 37. Rc2 h5 38. Kg2 Rg5 39. Nd7 Rg7 40. Ne5 Rg5 41.
Nd7 Nd6 42. Ne5 Kf8 43. Rf2+ Ke7 44. Kf1 Ke6 45. Nd3 Rf5 46. Nc5+ Kf6 47. Rxf5+
Kxf5 48. Kf2 Kg6 49. Ke2 h4 50. Kf2 h3 51. Ke2 Kf6 52. Kf2 Kf5 53. Ke1 Kf6 54.
Ke2 Ke7 55. Nd3 Ke6 56. Nf2 Kf5 57. Kd3 Ne8 58. e4+ Kg5 59. e5 Ng7 60. Ke3 Nf5+
61. Kd3 Kh5 62. Nh1 Ng7 63. Nf2 Kg5 64. Nh1 Ne6 65. Ke3 Kf5 66. Nf2 Ng5 67. Ke2
Nf3 68. Nxh3 Nxd4+ 69. Kd3 Nf3 70. Nf2 Nxh2 71. Kd4 Nf1 72. Nd1 Nxg3 73. Ne3+
Kf4 74. e6 Nh5 75. e7 Ng7 76. Ng2+ Kg3 77. Ne3 Kf3 78. Kd3 g3 79. Nf5 Ne8 80.
Nd4+ Kf2 81. Ne6 g2 82. Nf4 g1=Q 83. Nh3+ Kg2 84. Nxg1 Kxg1 85. Kd4 Kf2 86. Kc5
Ke3 87. Kb6 d4 88. Kxb7 d3 89. Kxa6 d2 90. Kb7 d1=Q 0-1

[Event "51smm A Groeden-Deutschnofen"]
[Site "?"]
[Date "2020.03.07"]
[Round "9.3"]
[White "Micheli, Carlo"]
[Black "Bernardi, Ruben"]
[Result "1-0"]
[WhiteElo "2236"]
[BlackElo "2101"]
[PlyCount "55"]
[EventDate "2020.03.07"]

1. c4 e5 2. Nc3 Nf6 3. d3 Bb4 4. Bd2 O-O 5. Nf3 Re8 6. e3 Nc6 7. Be2 d5 8. cxd5
Nxd5 9. O-O a5 10. a3 Nxc3 11. bxc3 Bf8 12. a4 b6 13. e4 h6 14. Ne1 Ba6 15. g3
Bc5 16. Kh1 Qe7 17. f4 f6 18. Ng2 Rad8 19. Rf3 Bc8 20. Nh4 Bg4 21. Rf1 Bxe2 22.
Qxe2 Qd7 23. fxe5 Nxe5 24. d4 Bxd4 25. cxd4 Qxd4 26. Bf4 Nd3 27. Nf5 Nxf4 28.
Qa2+ 1-0

[Event "51smm A Groeden-Deutschnofen"]
[Site "?"]
[Date "2020.03.07"]
[Round "9.4"]
[White "Moroder, Thomas"]
[Black "Gallana, Marco"]
[Result "1-0"]
[WhiteElo "1984"]
[BlackElo "2192"]
[PlyCount "61"]
[EventDate "2020.03.07"]

1. e4 c5 2. Nf3 d6 3. Bb5+ Bd7 4. c4 a6 5. Bxd7+ Nxd7 6. Nc3 Rc8 7. O-O Ngf6 8.
Qe2 e6 9. b3 Be7 10. Bb2 O-O 11. d4 cxd4 12. Nxd4 Re8 13. Rfd1 Qc7 14. Rac1 Qb8
15. Rc2 Bd8 16. Nf3 b5 17. cxb5 axb5 18. b4 d5 19. exd5 exd5 20. Qd3 Bb6 21.
Nxd5 Rxc2 22. Qxc2 Nxd5 23. Rxd5 Nf8 24. g3 Ne6 25. Qf5 Qa7 26. Ne5 f6 27. Ng4
Qxa2 28. Bxf6 Qe2 29. Rd7 Rf8 30. Nh6+ Kh8 31. Bxg7+ 1-0

[Event "51smm A Groeden-Deutschnofen"]
[Site "?"]
[Date "2020.03.07"]
[Round "9.5"]
[White "Tonina, Filippo"]
[Black "Casadio, Niccolo"]
[Result "1/2-1/2"]
[WhiteElo "1965"]
[BlackElo "1879"]
[PlyCount "85"]
[EventDate "2020.03.07"]

1. d4 e6 2. c4 Nf6 3. Nc3 d5 4. cxd5 exd5 5. Bg5 Be7 6. e3 c6 7. Qc2 Nbd7 8.
Bd3 h6 9. Bf4 Nh5 10. Nge2 Nxf4 11. Nxf4 Nb6 12. O-O O-O 13. Rad1 Bd6 14. Nfe2
Be6 15. e4 dxe4 16. Nxe4 Nd5 17. a3 Qc7 18. Nxd6 Qxd6 19. Nc3 Nxc3 20. Qxc3
Rfe8 21. Be4 Bd5 22. Bxd5 Qxd5 23. h3 Rad8 24. Rd2 Re6 25. Rfd1 Red6 26. b4 Rg6
27. f3 Re8 28. Rf2 b6 29. a4 Rd8 30. Re2 Qd7 31. Qd3 Rd6 32. Red2 Rd5 33. Qe4
c5 34. bxc5 bxc5 35. Re1 Qxa4 36. Qe7 Qd7 37. Ra2 cxd4 38. Rxa7 Qxe7 39. Rexe7
Rf8 40. Red7 Rxd7 41. Rxd7 f5 42. Rxd4 Kf7 43. Rd6 1/2-1/2

[Event "51smm A Groeden-Deutschnofen"]
[Site "?"]
[Date "2020.03.07"]
[Round "9.6"]
[White "Grossi, Christian"]
[Black "Thurner, Markus"]
[Result "1-0"]
[WhiteElo "1858"]
[BlackElo "1892"]
[PlyCount "83"]
[EventDate "2020.03.07"]

1. d4 e6 2. e4 d5 3. exd5 exd5 4. h3 Bd6 5. Nf3 Bf5 6. Nc3 c6 7. Bd3 Ne7 8. O-O
Bxd3 9. Qxd3 Nd7 10. Re1 O-O 11. Bg5 f6 12. Be3 Qb6 13. a3 Rae8 14. b4 Qc7 15.
Na4 Ng6 16. c4 dxc4 17. Qxc4+ Kh8 18. b5 a6 19. bxc6 b5 20. Qc1 Nb8 21. Nc5
Qxc6 22. a4 Bxc5 23. axb5 Qxb5 24. dxc5 Nc6 25. Qa3 Ra8 26. Reb1 Qc4 27. Rb6
Nge5 28. Nxe5 Nxe5 29. Rxa6 Rac8 30. Rc1 Qe4 31. f3 Qg6 32. Bf4 Nd3 33. Rc4 Ne1
34. g4 Rfe8 35. Qc3 Qb1 36. Ra1 Nxf3+ 37. Kf2 Qb7 38. c6 Qb6+ 39. Kxf3 g5 40.
Qxf6+ Kg8 41. Qxg5+ Kh8 42. Be5+ 1-0

[Event "51smm A Kaltern/Tramin-Naturns2"]
[Site "?"]
[Date "2020.03.07"]
[Round "9.2"]
[White "Florian, Andreas"]
[Black "Pichler, Christoph"]
[Result "1/2-1/2"]
[WhiteElo "1535"]
[BlackElo "1787"]
[PlyCount "51"]
[EventDate "2020.03.07"]

1. d4 d5 2. Bf4 c5 3. e3 e6 4. c3 Nf6 5. Nd2 Nc6 6. Ngf3 Be7 7. Bd3 O-O 8. h3
Re8 9. Bh2 Nd7 10. O-O Bf6 11. Re1 e5 12. dxe5 Ndxe5 13. Bc2 b6 14. Nxe5 Bxe5
15. Bxe5 Nxe5 16. Nf3 Bb7 17. e4 dxe4 18. Bxe4 Bxe4 19. Rxe4 Nxf3+ 20. Qxf3 Qd2
21. Re7 f6 22. Rd1 Qxb2 23. Rdd7 Rxe7 24. Qxa8+ Kf7 25. Qd5+ Kf8 26. Rd8+
1/2-1/2

[Event "51smm A Kaltern/Tramin-Naturns2"]
[Site "?"]
[Date "2020.03.07"]
[Round "9.3"]
[White "Zoeschg, Herbert"]
[Black "Sanin, Wilfried"]
[Result "1/2-1/2"]
[WhiteElo "1569"]
[BlackElo "1482"]
[PlyCount "104"]
[EventDate "2020.03.07"]

1. d4 d5 2. Bf4 Bf5 3. e3 e6 4. Bd3 Bg6 5. Nf3 Bd6 6. Ne5 Nd7 7. Nxg6 hxg6 8.
Bxd6 cxd6 9. c3 Ngf6 10. Nd2 Qb6 11. Qb3 Qxb3 12. Nxb3 b6 13. a4 a5 14. Nd2 Ke7
15. Nb1 e5 16. Na3 Ng4 17. h3 f5 18. Be2 Ngf6 19. Nb5 Rac8 20. O-O e4 21. Rfc1
Ne8 22. Rc2 Nc7 23. Rac1 Nxb5 24. Bxb5 Rc7 25. Kf1 Rhc8 26. Ke1 g5 27. Be2 g6
28. Kd2 Nb8 29. Rb1 Nc6 30. Bb5 Kd8 31. Ra1 Ke7 32. Rcc1 Kf6 33. Be2 Ke7 34.
Ra3 Na7 35. Rb3 Rb8 36. c4 dxc4 37. Rxc4 Rxc4 38. Bxc4 Nc6 39. Bb5 Na7 40. Ba6
Kd7 41. Rc3 b5 42. Bxb5+ Nxb5 43. axb5 Rxb5 44. Kc2 Rb7 45. Ra3 Ra7 46. b3 Kc6
47. Ra4 d5 48. Ra1 Kb5 49. Kb2 Rc7 50. Rh1 Kb4 51. Ra1 Rc6 52. Ra4+ Kb5 1/2-1/2

[Event "51smm A Kaltern/Tramin-Naturns2"]
[Site "?"]
[Date "2020.03.07"]
[Round "9.4"]
[White "Steinegger, Egon"]
[Black "Seppi, Alexander"]
[Result "1/2-1/2"]
[WhiteElo "1482"]
[BlackElo "1514"]
[PlyCount "43"]
[EventDate "2020.03.07"]

1. e4 e5 2. Bc4 Nf6 3. d3 Nc6 4. Nc3 Bc5 5. Bg5 h6 6. Bh4 d6 7. Nd5 g5 8. Qf3
Nxd5 9. Bxd5 Be6 10. Bxe6 fxe6 11. Qh5+ Kd7 12. Bg3 Qe7 13. O-O-O Raf8 14. h4
Qg7 15. f3 Ne7 16. Qg4 Be3+ 17. Kb1 h5 18. Qh3 g4 19. Qh2 Rhg8 20. Re1 Bf4 21.
Bxf4 exf4 22. Ne2 1/2-1/2

[Event "51smm A Kaltern/Tramin-Naturns2"]
[Site "?"]
[Date "2020.03.07"]
[Round "9.6"]
[White "Osanna, Franjo"]
[Black "Nischler, Hermann"]
[Result "1/2-1/2"]
[WhiteElo "1084"]
[BlackElo "1344"]
[PlyCount "58"]
[EventDate "2020.03.07"]

1. e4 d5 2. exd5 Qxd5 3. Nc3 Qa5 4. d4 c6 5. Bf4 Nf6 6. Nf3 Bg4 7. Be2 e6 8. a3
Be7 9. O-O O-O 10. h3 Bxf3 11. Bxf3 Qd8 12. Qd3 Nd5 13. Nxd5 cxd5 14. Rfe1 Bd6
15. Bxd6 Qxd6 16. Rad1 Nc6 17. Re2 Rab8 18. Bg4 Ne7 19. Qg3 Qxg3 20. fxg3 b5
21. c3 Ng6 22. Bh5 Rfc8 23. Bxg6 hxg6 24. Rd3 a5 25. b4 a4 26. Rf2 Rc7 27. g4
Rbc8 28. Rc2 f6 29. Kf2 Kf7 1/2-1/2

[Event "51smm A Klausen-Brixen/Milland"]
[Site "?"]
[Date "2020.03.07"]
[Round "9.1"]
[White "Sader, Michael"]
[Black "Schacher, Gerd"]
[Result "0-1"]
[WhiteElo "2128"]
[BlackElo "2278"]
[PlyCount "108"]
[EventDate "2020.03.07"]

1. c4 f5 2. b3 d6 3. Bb2 e5 4. d4 exd4 5. Qxd4 Nf6 6. Nc3 Be7 7. Nd5 Nc6 8. Qd2
Be6 9. Nf3 Ne4 10. Qc2 O-O 11. e3 a5 12. a3 Qd7 13. Nxe7+ Qxe7 14. g3 d5 15.
cxd5 Bxd5 16. Bc4 Rad8 17. O-O Qf7 18. Bxd5 Rxd5 19. Rfd1 Rfd8 20. Rxd5 Qxd5
21. Qc4 Qxc4 22. bxc4 Nd2 23. Nxd2 Rxd2 24. Rb1 h6 25. Kg2 Kf7 26. h3 h5 27. g4
hxg4 28. hxg4 fxg4 29. c5 b5 30. Kg3 Rc2 31. Bd4 b4 32. axb4 axb4 33. Rd1 b3
34. Rb1 Nxd4 35. exd4 b2 36. d5 Kf6 37. f4 gxf3 38. Kxf3 Ke5 39. d6 cxd6 40. c6
Ke6 41. Ke3 d5 42. Kd3 Rg2 43. Kd4 Kd6 44. c7 Kxc7 45. Kxd5 Kb6 46. Kc4 g5 47.
Rf1 g4 48. Rf6+ Kc7 49. Rf7+ Kd6 50. Rb7 Ke5 51. Kd3 Kf4 52. Rf7+ Kg3 53. Rb7
Rf2 54. Ke3 Kg2 0-1

[Event "51smm A Klausen-Brixen/Milland"]
[Site "?"]
[Date "2020.03.07"]
[Round "9.2"]
[White "Seebacher, Michael"]
[Black "Brenninger, Daniel"]
[Result "1/2-1/2"]
[WhiteElo "1978"]
[BlackElo "2061"]
[PlyCount "36"]
[EventDate "2020.03.07"]

1. e4 e6 2. d4 d5 3. exd5 exd5 4. Nf3 Nf6 5. c4 Bb4+ 6. Bd2 Bxd2+ 7. Nbxd2 O-O
8. Be2 Nc6 9. O-O Re8 10. Re1 Bg4 11. Qb3 Na5 12. Qb4 b6 13. c5 Nc6 14. Qa4 Bd7
15. Bb5 Ne7 16. Ne5 Bxb5 17. Qxb5 a6 18. Qb4 Nd7 1/2-1/2

[Event "51smm A Klausen-Brixen/Milland"]
[Site "?"]
[Date "2020.03.07"]
[Round "9.3"]
[White "Kofler, Thomas"]
[Black "Seebacher, Reinhard"]
[Result "0-1"]
[WhiteElo "1972"]
[BlackElo "1909"]
[PlyCount "76"]
[EventDate "2020.03.07"]

1. c4 e5 2. g3 Nc6 3. Bg2 f5 4. a3 a5 5. Nc3 Nf6 6. d3 Bc5 7. e3 O-O 8. Nge2 d6
9. O-O Qe7 10. Nd5 Nxd5 11. cxd5 Nd8 12. Bd2 c6 13. b4 axb4 14. axb4 Rxa1 15.
Qxa1 Bb6 16. Nc3 Nf7 17. dxc6 bxc6 18. Bxc6 Ng5 19. Bg2 Be6 20. h4 Nf7 21. Nd5
Bxd5 22. Bxd5 f4 23. exf4 Kh8 24. Bc3 Nh6 25. fxe5 Nf5 26. Qa6 Nxg3 27. d4 Nxf1
28. Qxb6 Qxh4 29. Be1 Ne3 30. Qxd6 Qg4+ 31. Kh1 Qh4+ 32. Kg1 Rd8 33. fxe3 Qxe1+
34. Kg2 Rxd6 35. exd6 Qxe3 36. Bc6 Qxd4 37. d7 Kg8 38. b5 Kf8 0-1

[Event "51smm A Klausen-Brixen/Milland"]
[Site "?"]
[Date "2020.03.07"]
[Round "9.4"]
[White "Schrott, Johann"]
[Black "Wisthaler, Lukas"]
[Result "0-1"]
[WhiteElo "1812"]
[BlackElo "1861"]
[PlyCount "65"]
[EventDate "2020.03.07"]

1. e4 c5 2. Nf3 e6 3. d4 cxd4 4. Nxd4 a6 5. Bd3 Nf6 6. Nc3 Qc7 7. O-O b5 8. a3
Bb7 9. Qe2 d6 10. f4 Be7 11. Kh1 Nc6 12. Nf3 Na5 13. e5 Nd5 14. Ne4 O-O 15.
Neg5 h6 16. Ne4 Rac8 17. Qe1 Nc4 18. b3 Ncb6 19. Qg3 f5 20. exf6 Bxf6 21. Nxf6+
Nxf6 22. Nd4 Rfe8 23. f5 exf5 24. Nxf5 Kh8 25. Nxh6 Be4 26. Qh4 Bxd3 27. cxd3
Nh7 28. Nf7+ Kg8 29. Bb2 Rf8 30. Nh6+ Kh8 31. Nf5 Rf7 32. Qd4 Rcf8 33. Rfc1 0-1